00437nam a2200145Ia 4500008004100000020001800041082001200059100003000071245001700101260001800118500000700136942000700143952012600150999001500276260604s9999 xx 000 0 und d a9780143472971 a004 BHA aSidharth sreekumar935943 0aEnter Prompt bPengiun Books aIT cBK 00104070aIIMVbIIMVcGENERALd2026-06-04g499.00l0o004 BHAp004402r2026-06-04 10:21:38v499.00w2026-06-04yBKBBHA c8784d8784